Statistiken für Bester Bundesliga-Torschütze zu jedem Buchstaben des Alphabets

Klicken Sie hier um das Quiz zu spielen!

Allgemein

  • Dieses Quiz wurde 141 mal gespielt
    (98 seit der letzten Aktualisierung)
  • Das Durchschnittsergebnis liegt bei 9 aus 26

Antwortstatistiken

.ToreZeitraumSpieler% Korrekt
L3122010-2022Robert Lewandowski
97%
M3651965-1979Gerd Müller
96%
P1971999-2020Claudio Pizarro
68%
S1371963-1972Uwe Seeler
56%
F2681968-1985Klaus Fischer
52%
E1331994–2005Giovane Élber
47%
R1621974–1984Karl-Heinz Rummenigge
47%
G1702004-2019Mario Gómez
45%
A1771975-1993Klaus Allofs
36%
H2201963-1978Jupp Heynckes
35%
B2131969-1990Manfred Burgsmüller
34%
K1821990-2003Ulf Kirsten
34%
X62012-2024Granit Xhaka
32%
Q312016-2021Robin Quaison
31%
V1321977-1996Rudi Völler
31%
I1272006-2020Vedad Ibisevic
30%
J481993-2006Carsten Jancker
25%
Y961990-2001Anthony Yeboah
21%
C1061991–1999Stéphane Chapuisat
19%
W1571983-1999Fritz Walter
17%
Z1311981–1998Michael Zorc
17%
D761970-1987Bernard Dietz
3%
N1411968–1983Bernd Nickel
3%
T1081972-1980Klaus Toppmöller
3%
O961973–1985Hermann Ohlicher
1%
U841964-1972Lothar Ulsaß
1%

Verteilung der Resultate

Perzentil nach korrekt beantworteten Fragen

Anzahl Personen mit jedem Resultat

Ihre Resultats-Entwicklung

Sie haben dieses Quiz seit der letzten Aktualisierung nicht gespielt